Probabilidad y estadística para ingeniería y ciencias (Registro nro. 49349)

Detalles MARC
000 -ENCABEZADO
Número de control [NR] 00902nam a2200241Ia 4500
008 - DE LONGITUD FIJA DE DATOS DE ELEMENTOS - INFORMACIÓN GENERAL
Elementos de longitud fija [NR] 130821s2008 mx a gr spa
020 ## - NUMERO INTERNACIONAL NORMALIZADO PARA LIBROS [R]
Número Internacional Normalizado del libro [NR] 9789706868312
040 ## - FUENTE DE CATALOGACION [NR]
Agencia de catalogación original [NR] Co-BoUCM
Idioma de catalogación [NR] spa
041 00 - CODIGO DE IDIOMA [R]
Código de idioma para texto/pista de sonido o título separado [R] Español
100 1# - ASIENTO PRINCIPAL--NOMBRE PERSONAL [NR]
Nombre personal [NR] Devore, Jay L.
245 10 - MENCION DE TITULO [NR]
Título [NR] Probabilidad y estadística para ingeniería y ciencias
Mención de responsabilidad, etc. [NR] Jay L. Devore ; traducción Jorge Humberto Romo ; editor Sergio R. Cervantes González
250 ## - MENCION DE EDICION [NR]
Mención de edición [NR] 7a ed.
260 ## - PUBLICACION, DISTRIBUCION, ETC. (PIE DE IMPRENTA) [R]
Lugar de publicación, distribución, etc. [R] México D.F. (México)
Nombre del editor, distribuidor, etc. [R] Cengage
Fecha de publicación, distribución, etc. [R] 2008
300 ## - DESCRIPCION FISICA [R]
Extensión [R] xvi, 720 páginas
Otros detalles físicos [NR] ilustraciones, gráficas
650 ## - ASIENTO SECUNDARIO DE MATERIA - TERMINO TEMATICO [R]
Término temático o nombre geográfico como elemento de entrada [NR] Matemáticas
9 (RLIN) 276
650 #7 - ASIENTO SECUNDARIO DE MATERIA - TERMINO TEMATICO [R]
Término temático o nombre geográfico como elemento de entrada [NR] Estadística
9 (RLIN) 14984
650 #7 - ASIENTO SECUNDARIO DE MATERIA - TERMINO TEMATICO [R]
Término temático o nombre geográfico como elemento de entrada [NR] Probabilidades
9 (RLIN) 22309
700 1# - ASIENTO SECUNDARIO - NOMBRE PERSONAL [R]
Nombre personal [NR] Cervantes González, Sergio R.
Término de relación [R]
700 1# - ASIENTO SECUNDARIO - NOMBRE PERSONAL [R]
Nombre personal [NR] Romo, Jorge Humberto
Término de relación [R]
765 0# - ASIENTO DE IDIOMA ORIGINAL [R]
Título [NR] Probability and statistics for engineering and the sciences.
942 ## - ELEMENTOS DE ENTRADA AGREGADOS (KOHA)
Tipo de ítem principal el descrito en 300a Libro
Tema principal Ciencias puras
Edición 7
Parte restante de la signatura top. D511p
Sistema de clasificación DEWEY
Clasificación 519.5
Existencias
Fecha de último préstamo Total préstamos Total Renewals Signatura topográfica Código de barras Última vez visto Volúmen / Fascículo Ejemplar Price effective from Tipo de ítem Perdido Sistema de clasificación Dañado No prestable Tipo de ítem específico Suprimido Ubicación habitual Ubicación actual Localización Fecha de creación Forma de adquisición Costo
26/04/2018 50 3 519.5 D511p 100078195 04/12/2025 5a. Ed. Ej.1 03/02/2013 Libro   DEWEY     Libro   Claustro Claustro 4to piso 28/02/2006 Compra 48800.00
28/04/2018 58 1 519.5 D511p 100078194 04/12/2025 5a. Ed. Ej.2 03/02/2013 Libro   DEWEY     Libro   Claustro Claustro 4to piso 28/02/2006 Compra 48800.00